[Event "Quebec op"]
[Site "Montreal CAN"]
[Date "2006.07.08"]
[Round "2"]
[White "Swathi, Ghate"]
[Black "Bekteshi, Muhamet"]
[Result "1-0"]
[WhiteElo "2376"]
[BlackElo "2023"]
[PlyCount "99"]
[EventDate "2006.07.08"]
[EventType "swiss"]
[EventRounds "9"]
[EventCountry "CAN"]

1. e4 c6 2. d4 d5 3. Nd2 dxe4 4. Nxe4 Nd7 5. Ng5 Ngf6 6. Bd3 e6 7. N1f3 Bd6 8.
Qe2 Nb6 9. Bd2 Nbd5 10. Ne5 O-O 11. c3 Qc7 12. f4 c5 13. dxc5 Bxc5 14. O-O-O a5
15. Kb1 a4 16. c4 Ne7 17. Ng4 Ng6 18. Nxf6+ gxf6 19. Ne4 Bd4 20. Rhf1 f5 21.
Nc3 a3 22. Nb5 Qb6 23. b3 Bg7 24. Be3 Qa5 25. Bc2 Qb4 26. Qf2 Qe7 27. Bc5 Qf6
28. Bd4 Qh4 29. g3 Bxd4 30. Rxd4 Qe7 31. Qd2 Ra6 32. h4 Qf6 33. Qc3 Ne7 34.
Rfd1 Nc6 35. Rd6 Qxc3 36. Nxc3 Nb4 37. Nb5 Ra5 38. R1d2 Kg7 39. Bd1 Kf6 40. Rd8
Rxd8 41. Rxd8 Ra8 42. Nd6 Nc6 43. Rxc8 Rxc8 44. Nxc8 e5 45. Nb6 e4 46. Nd5+ Ke6
47. Kc2 Kd6 48. Kc3 Kc5 49. b4+ Kd6 50. Bb3 1-0

[Event "Quebec op"]
[Site "Montreal CAN"]
[Date "2006.07.08"]
[Round "2"]
[White "Vallieres, Mario"]
[Black "Desjardins, Michel"]
[Result "1/2-1/2"]
[WhiteElo "2055"]
[BlackElo "1907"]
[PlyCount "69"]
[EventDate "2006.07.08"]
[EventType "swiss"]
[EventRounds "9"]
[EventCountry "CAN"]

1. d4 d5 2. Nc3 Bf5 3. Bf4 c6 4. e3 e6 5. Bd3 Bxd3 6. Qxd3 Nf6 7. h3 Bd6 8.
Nge2 Bxf4 9. Nxf4 Nbd7 10. O-O O-O 11. Rad1 Qa5 12. a3 Rfd8 13. Rfe1 c5 14. Qe2
Rac8 15. g4 h6 16. Nd3 Qa6 17. f4 cxd4 18. exd4 Qb6 19. Qf2 Rc4 20. Ne5 Nxe5
21. fxe5 Ne4 22. Nxe4 dxe4 23. c3 Qb3 24. Rd2 a5 25. Rxe4 b5 26. Rf4 Rd7 27.
Qf3 b4 28. axb4 axb4 29. Rf2 Rcc7 30. cxb4 Qxb4 31. Qa8+ Kh7 32. Qe4+ Kg8 33.
Qa8+ Kh7 34. Qe4+ Kg8 35. Qa8+ 1/2-1/2

[Event "Quebec op"]
[Site "Montreal CAN"]
[Date "2006.07.08"]
[Round "2"]
[White "Voskanyan, Vahagn"]
[Black "Sullivan, Neil"]
[Result "1-0"]
[WhiteElo "2346"]
[BlackElo "2125"]
[PlyCount "79"]
[EventDate "2006.07.08"]
[EventType "swiss"]
[EventRounds "9"]
[EventCountry "CAN"]

1. c4 c5 2. g3 g6 3. Bg2 Bg7 4. Nc3 Nf6 5. Nf3 Nc6 6. O-O O-O 7. d4 cxd4 8.
Nxd4 Nxd4 9. Qxd4 d6 10. Qd3 a6 11. Bg5 Re8 12. Qd2 Rb8 13. Rac1 Qa5 14. Rfd1
Be6 15. b3 Rec8 16. Be3 Ng4 17. Nd5 Qxd2 18. Bxd2 Bxd5 19. Bxd5 Bd4 20. Be1 Ba7
21. h3 Ne3 22. fxe3 Bxe3+ 23. Bf2 Bxc1 24. Rxc1 b6 25. Be3 e6 26. Bf3 Kf8 27.
Rd1 Ke7 28. Bc1 b5 29. Ba3 Rb6 30. cxb5 axb5 31. Bb4 Rc2 32. a3 f5 33. Kf2 Kd7
34. Ke3 Rb2 35. Rd3 Rc2 36. g4 Rc1 37. gxf5 gxf5 38. Rd4 Rg1 39. Bc5 e5 40. Rd2
1-0

[Event "Quebec op"]
[Site "Montreal CAN"]
[Date "2006.07.08"]
[Round "2"]
[White "Zafirov, Stephane"]
[Black "Pitre, Francois"]
[Result "1-0"]
[WhiteElo "2148"]
[BlackElo "1997"]
[PlyCount "95"]
[EventDate "2006.07.08"]
[EventType "swiss"]
[EventRounds "9"]
[EventCountry "CAN"]

1. e4 e6 2. d4 d5 3. Nd2 Be7 4. Ngf3 c5 5. c3 dxe4 6. Nxe4 Nf6 7. Nxc5 Bxc5 8.
dxc5 Qxd1+ 9. Kxd1 Nbd7 10. Bb5 O-O 11. Be3 Ng4 12. c6 Nxe3+ 13. fxe3 bxc6 14.
Bxc6 Rb8 15. b4 Nf6 16. Kc2 Ba6 17. a4 Bc4 18. Ne5 Rbc8 19. b5 Bd5 20. c4 Bxc6
21. Nxc6 Rc7 22. h3 Rfc8 23. Rhd1 Kf8 24. Rd4 Rxc6 25. bxc6 Rxc6 26. Kb3 Rb6+
27. Kc3 e5 28. Rd8+ Ke7 29. Rc8 Kd7 30. Ra8 Ne4+ 31. Kc2 Rb7 32. Rd1+ Ke7 33.
Rd5 f6 34. Ra5 Ke6 35. R8xa7 Rb4 36. Rxg7 Rxc4+ 37. Kd3 Rb4 38. Rxh7 Kf5 39.
g4+ Kg6 40. Raa7 f5 41. Rhg7+ Kh6 42. gxf5 Nf6 43. Rg6+ Kh5 44. Rxf6 Rb3+ 45.
Ke4 Rb4+ 46. Kxe5 Kg5 47. Rg6+ Kh5 48. Rh7# 1-0

[Event "Quebec op"]
[Site "Montreal CAN"]
[Date "2006.07.09"]
[Round "3"]
[White "Dimev, Kiril"]
[Black "Nicula, Marius"]
[Result "1/2-1/2"]
[WhiteElo "2014"]
[BlackElo "2131"]
[PlyCount "88"]
[EventDate "2006.07.08"]
[EventType "swiss"]
[EventRounds "9"]
[EventCountry "CAN"]

1. d4 e6 2. c4 f5 3. g3 Nf6 4. Bg2 d5 5. Nf3 c6 6. O-O Bd6 7. b3 O-O 8. Ba3
Bxa3 9. Nxa3 Nbd7 10. Qc1 Ne4 11. Nc2 b6 12. Nb4 Bb7 13. Nd3 Qe7 14. Nfe5 Nxe5
15. Nxe5 c5 16. f3 Nf6 17. Qa3 Qc7 18. e3 dxc4 19. bxc4 Nd7 20. Nxd7 Qxd7 21.
dxc5 Qe7 22. Rfd1 Rfc8 23. Rd6 Rxc5 24. Rad1 Bd5 25. R6xd5 exd5 26. Rxd5 Re8
27. Rd3 Re5 28. Qxe7 R8xe7 29. Kf2 Ra5 30. a3 g6 31. f4 Kg7 32. h3 Rc7 33. Bd5
Kf6 34. g4 h6 35. Kf3 Rd7 36. h4 Rd8 37. e4 fxe4+ 38. Kxe4 Re8+ 39. Kf3 Re1 40.
g5+ hxg5 41. hxg5+ Kg7 42. Be4 Rf1+ 43. Ke3 Re1+ 44. Kf3 Rf1+ 1/2-1/2

[Event "Quebec op"]
[Site "Montreal CAN"]
[Date "2006.07.09"]
[Round "3"]
[White "Hajiyev, Elshad"]
[Black "Picard, Jean"]
[Result "0-1"]
[WhiteElo "2007"]
[BlackElo "2088"]
[PlyCount "78"]
[EventDate "2006.07.08"]
[EventType "swiss"]
[EventRounds "9"]
[EventCountry "CAN"]

1. d4 Nf6 2. Nf3 g6 3. Bg5 Bg7 4. Nbd2 O-O 5. e4 d6 6. Bc4 Nxe4 7. Nxe4 d5 8.
Bd3 dxe4 9. Bxe4 c5 10. dxc5 Bxb2 11. O-O Na6 12. Rb1 Bf6 13. Qxd8 Rxd8 14. Be3
Rb8 15. Bf4 e5 16. Nxe5 Nxc5 17. Bf3 Ra8 18. Rb5 Ne6 19. Be3 Nd4 20. Bxd4 Rxd4
21. Nd3 Rb8 22. Re1 Be6 23. Ra5 Rc8 24. Bd1 Rxd3 25. cxd3 Bc3 26. Rae5 Bxe5 27.
Rxe5 Rc1 28. Re1 Bxa2 29. Kf1 Bd5 30. f3 b5 31. Ke2 Ra1 32. Ke3 Bb3 33. Kd2
Rxd1+ 34. Rxd1 Bxd1 35. Kxd1 Kf8 36. Kc2 Ke7 37. Kc3 a5 38. h4 h5 39. g4 Kd6
0-1

[Event "Quebec op"]
[Site "Montreal CAN"]
[Date "2006.07.09"]
[Round "3"]
[White "Jiang, Louie"]
[Black "Fillion, Steve"]
[Result "1/2-1/2"]
[WhiteElo "1997"]
[BlackElo "2092"]
[PlyCount "52"]
[EventDate "2006.07.08"]
[EventType "swiss"]
[EventRounds "9"]
[EventCountry "CAN"]

1. e4 d5 2. exd5 Qxd5 3. Nc3 Qa5 4. d4 Nf6 5. Bc4 Bf5 6. Nge2 c6 7. O-O e6 8.
Bf4 Nbd7 9. a3 Be7 10. Re1 O-O 11. h3 Nd5 12. Nxd5 cxd5 13. Bd3 Bxd3 14. Qxd3
Rfc8 15. Rec1 Nb6 16. b3 a6 17. c4 dxc4 18. bxc4 Qa4 19. c5 Nd5 20. Be3 b6 21.
Nc3 Qb3 22. Rab1 Qxa3 23. Ra1 Qb3 24. Rab1 Qa3 25. Ra1 Qb3 26. Rab1 Qa3 1/2-1/2

[Event "Quebec op"]
[Site "Montreal CAN"]
[Date "2006.07.09"]
[Round "3"]
[White "Khassanov, Marat"]
[Black "Robichaud, Louis"]
[Result "1-0"]
[WhiteElo "2318"]
[BlackElo "2081"]
[PlyCount "57"]
[EventDate "2006.07.08"]
[EventType "swiss"]
[EventRounds "9"]
[EventCountry "CAN"]

1. e4 e5 2. Bc4 Nf6 3. d3 c6 4. Nf3 d5 5. Bb3 Bg4 6. h3 Bxf3 7. Qxf3 dxe4 8.
dxe4 Nbd7 9. c3 Be7 10. Nd2 a5 11. Nf1 a4 12. Bc2 O-O 13. Ng3 Re8 14. Nf5 Bf8
15. Be3 b5 16. Rd1 Qc7 17. g4 Re6 18. g5 Ne8 19. h4 g6 20. Ng3 Rd6 21. Rc1 Ng7
22. h5 Ne6 23. hxg6 fxg6 24. Rxh7 Kxh7 25. Qf7+ Ng7 26. Ke2 Kh8 27. Rh1+ Nh5
28. Nxh5 gxh5 29. g6 1-0

[Event "Quebec op"]
[Site "Montreal CAN"]
[Date "2006.07.09"]
[Round "3"]
[White "Laframboise, Marc-Andre"]
[Black "Moiseenko, Alexander"]
[Result "0-1"]
[WhiteElo "2304"]
[BlackElo "2662"]
[PlyCount "42"]
[EventDate "2006.07.08"]
[EventType "swiss"]
[EventRounds "9"]
[EventCountry "CAN"]

1. d4 Nf6 2. c4 e6 3. Nc3 Bb4 4. e3 b6 5. Nge2 c5 6. a3 Ba5 7. Rb1 Na6 8. Bd2
O-O 9. Nf4 cxd4 10. exd4 Bxc3 11. Bxc3 d5 12. b3 dxc4 13. bxc4 Ne4 14. Ba1 Qg5
15. Qc1 Qa5+ 16. Ke2 Bd7 17. Qc2 Nd6 18. Bc3 Qg5 19. Bd2 e5 20. h4 Qf5 21. Qxf5
Bxf5 0-1

[Event "Quebec op"]
[Site "Montreal CAN"]
[Date "2006.07.09"]
[Round "3"]
[White "Luksza, Arkadiusz"]
[Black "Voskanyan, Vahagn"]
[Result "0-1"]
[WhiteElo "2181"]
[BlackElo "2346"]
[PlyCount "140"]
[EventDate "2006.07.08"]
[EventType "swiss"]
[EventRounds "9"]
[EventCountry "CAN"]

1. c4 c5 2. Nc3 Nf6 3. g3 Nc6 4. Bg2 g6 5. Nf3 Bg7 6. O-O O-O 7. d4 cxd4 8.
Nxd4 Nxd4 9. Qxd4 d6 10. Qd3 Nd7 11. Qc2 Ne5 12. b3 Bf5 13. Qd2 Qd7 14. Bb2 Bh3
15. Rfd1 Bxg2 16. Kxg2 Rac8 17. Nd5 Rfe8 18. h3 Qc6 19. Kh2 b5 20. Rac1 e6 21.
Ne3 bxc4 22. Bxe5 dxe5 23. Nxc4 Qa6 24. Qa5 Qxa5 25. Nxa5 Bf8 26. Nc6 Ba3 27.
Rc4 e4 28. e3 Rc7 29. Kg2 Rec8 30. Na5 Rxc4 31. Nxc4 Bc5 32. Kf1 Rc7 33. Ke2
Kf8 34. Rd8+ Ke7 35. Rh8 h5 36. Kd1 Bb4 37. Rb8 Bc3 38. Kc2 Be1 39. g4 Bxf2 40.
Kd2 hxg4 41. hxg4 Bg3 42. Rb5 Bh4 43. a4 f5 44. gxf5 exf5 45. a5 Ke6 46. Re5+
Kf6 47. Rd5 Bg3 48. Rb5 g5 49. Ke2 Re7 50. Rc5 f4 51. exf4 gxf4 52. Rc6+ Re6
53. Rxe6+ Kxe6 54. Nd2 Kd5 55. b4 Bh4 56. b5 f3+ 57. Kf1 Bg3 58. b6 a6 59. b7
Kd4 60. Nb3+ Kd5 61. Nd2 Bb8 62. Kf2 Ba7+ 63. Kf1 Kd4 64. Nb3+ Kc4 65. Nd2+ Kd3
66. Nb3 e3 67. Nc1+ Kd2 68. Nb3+ Kd1 69. Nc5 Bxc5 70. b8=Q e2# 0-1

[Event "Quebec op"]
[Site "Montreal CAN"]
[Date "2006.07.09"]
[Round "3"]
[White "Pitre, Francois"]
[Black "Cloutier, Mathieu"]
[Result "1-0"]
[WhiteElo "1997"]
[BlackElo "2059"]
[PlyCount "51"]
[EventDate "2006.07.08"]
[EventType "swiss"]
[EventRounds "9"]
[EventCountry "CAN"]

1. d4 Nf6 2. Nf3 c5 3. e3 e6 4. Nbd2 d5 5. c3 Nc6 6. Bd3 Bd6 7. dxc5 Bxc5 8.
O-O O-O 9. e4 dxe4 10. Nxe4 Nxe4 11. Bxe4 f5 12. Bc2 Qc7 13. Qe2 Kh8 14. Re1 e5
15. Nxe5 Nxe5 16. Bf4 Bd7 17. Bxe5 Qc6 18. b4 Bb6 19. Rad1 Rae8 20. Qd2 Bc8 21.
Qg5 Rxe5 22. Rxe5 Qxc3 23. Qe7 Rg8 24. Bb3 Bd4 25. Rxd4 Be6 26. Qxe6 1-0

[Event "Quebec op"]
[Site "Montreal CAN"]
[Date "2006.07.09"]
[Round "3"]
[White "Poirier, Erik"]
[Black "Bekteshi, Muhamet"]
[Result "0-1"]
[WhiteElo "2146"]
[BlackElo "2023"]
[PlyCount "65"]
[EventDate "2006.07.08"]
[EventType "swiss"]
[EventRounds "9"]
[EventCountry "CAN"]

1. d4 d5 2. c4 c6 3. Nf3 Nf6 4. Nc3 e6 5. e3 Bd6 6. Bd3 Nbd7 7. O-O O-O 8. e4
dxe4 9. Nxe4 Nxe4 10. Bxe4 h6 11. Bc2 f5 12. Re1 Nf6 13. Bd2 b6 14. Bc3 Re8 15.
Qe2 Ba6 16. Bd3 Rc8 17. Rad1 Bb8 18. b3 Nh5 19. g3 Nf6 20. Qb2 Bb7 21. Ne5 Qc7
22. Qc2 Rcd8 23. c5 Nd5 24. Bc4 bxc5 25. dxc5 Qe7 26. Bd4 a5 27. f4 Ba7 28. Qf2
Kh7 29. Kg2 Rf8 30. Rd2 Nf6 31. Bd3 Rd5 32. Bxf5+ exf5 33. Nxc6 0-1

[Event "Quebec op"]
[Site "Montreal CAN"]
[Date "2006.07.09"]
[Round "3"]
[White "Rozybakiyev, Rasul"]
[Black "Forget, Luc"]
[Result "1/2-1/2"]
[WhiteElo "2039"]
[BlackElo "1977"]
[PlyCount "102"]
[EventDate "2006.07.08"]
[EventType "swiss"]
[EventRounds "9"]
[EventCountry "CAN"]

1. e4 e5 2. Nf3 Nc6 3. Bc4 Nf6 4. d3 Be7 5. Be3 d6 6. c3 O-O 7. h3 a6 8. a4 Be6
9. Bxe6 fxe6 10. O-O d5 11. Nbd2 Qd7 12. Qe2 Bd6 13. Bg5 Rae8 14. Rfe1 h6 15.
Bxf6 gxf6 16. d4 exd4 17. cxd4 Bb4 18. Qd3 Qh7 19. Re3 Bxd2 20. Nxd2 Kh8 21.
Rae1 Qf7 22. Nf3 Nb4 23. Qd2 a5 24. b3 Kh7 25. Nh4 Qh5 26. Nf3 Rg8 27. Kh2 Qg6
28. g3 b6 29. Nh4 Qf7 30. Rf3 Rgf8 31. Re2 dxe4 32. Rxe4 Rd8 33. Qe2 Rd6 34.
Ng2 Nd5 35. Rh4 Qg6 36. Nf4 Nxf4 37. Rhxf4 Rf7 38. Re3 e5 39. dxe5 fxe5 40.
Rxf7+ Qxf7 41. Rxe5 Rd7 42. Re6 Qf5 43. Qe3 Qg5 44. Qe4+ Kh8 45. Rg6 Re7 46.
Qd4+ Qe5 47. Qd8+ Re8 48. Rxh6+ Kg7 49. Qh4 Qf5 50. Kg2 Rf8 51. f4 Qe4+ 1/2-1/2

[Event "Quebec op"]
[Site "Montreal CAN"]
[Date "2006.07.09"]
[Round "3"]
[White "Saint Amand, Paul"]
[Black "Fareh, Youness"]
[Result "1/2-1/2"]
[WhiteElo "2040"]
[BlackElo "2200"]
[PlyCount "127"]
[EventDate "2006.07.08"]
[EventType "swiss"]
[EventRounds "9"]
[EventCountry "CAN"]

1. e4 c5 2. c3 d5 3. exd5 Qxd5 4. d4 Nf6 5. Nf3 e6 6. Bd3 Be7 7. O-O cxd4 8.
cxd4 O-O 9. Nc3 Qa5 10. Qe2 Nc6 11. Rd1 Rd8 12. Bf4 a6 13. a3 b5 14. Rac1 Bb7
15. Ne4 Rac8 16. Nc5 Nxd4 17. Nxd4 Bxc5 18. Nb3 Qa4 19. Nxc5 Qxf4 20. g3 Qf3
21. Nxb7 Qxb7 22. Rxc8 Rxc8 23. a4 g6 24. axb5 axb5 25. Bxb5 Rb8 26. Qe5 Kg7
27. Bd3 Qxb2 28. Qe1 Qb4 29. Qe5 Qb2 30. Qe1 Rd8 31. Qe2 Qxe2 32. Bxe2 Rxd1+
33. Bxd1 Nd5 34. f4 Kf6 35. Kf2 h6 36. h4 Ke7 37. Ba4 f6 38. Kf3 Kd6 39. Be8
Ne7 40. Ke4 Nf5 41. Kf3 Ne7 42. Ke4 e5 43. fxe5+ fxe5 44. Bf7 Nf5 45. Bxg6
Nxg3+ 46. Kf3 Nf1 47. Ke2 Nh2 48. Bf5 Ke7 49. Kf2 Kf6 50. Bh3 e4 51. Ke3 Ke5
52. h5 Nf3 53. Bg2 Ng5 54. Bh1 Kf5 55. Bg2 Kg4 56. Bxe4 Kxh5 57. Ba8 Kg4 58.
Kf2 h5 59. Kg2 h4 60. Bb7 h3+ 61. Kh2 Nf3+ 62. Bxf3+ Kxf3 63. Kh1 h2 64. Kxh2
1/2-1/2

[Event "Quebec op"]
[Site "Montreal CAN"]
[Date "2006.07.09"]
[Round "3"]
[White "Sullivan, Neil"]
[Black "Bergeron, Marc"]
[Result "1-0"]
[WhiteElo "2125"]
[BlackElo "2009"]
[PlyCount "79"]
[EventDate "2006.07.08"]
[EventType "swiss"]
[EventRounds "9"]
[EventCountry "CAN"]

1. e4 Nc6 2. Nc3 e5 3. Bc4 Nf6 4. d3 Bc5 5. Bg5 h6 6. Bh4 d6 7. Nf3 Bg4 8. h3
Bxf3 9. Qxf3 Nd4 10. Qd1 g5 11. Bg3 c6 12. a3 Bb6 13. Na4 Bc7 14. c3 Ne6 15.
Bxe6 fxe6 16. b4 b5 17. Nb2 O-O 18. Qe2 a5 19. O-O Bb6 20. Rad1 axb4 21. axb4
Ra3 22. Rc1 Qa8 23. d4 exd4 24. Bxd6 Rf7 25. c4 Ra2 26. c5 Bd8 27. Rc2 Rfa7 28.
Be5 Rd7 29. f4 Qa3 30. Rf3 Qxb4 31. fxg5 Nh7 32. gxh6 Bg5 33. Rg3 Kf8 34. Bd6+
Rxd6 35. cxd6 Ra1+ 36. Nd1 Be3+ 37. Rxe3 dxe3 38. Rxc6 Qxe4 39. Rc8+ Kf7 40. d7
1-0

[Event "Quebec op"]
[Site "Montreal CAN"]
[Date "2006.07.10"]
[Round "4"]
[White "Bergeron, Marc"]
[Black "Poirier, Erik"]
[Result "0-1"]
[WhiteElo "2009"]
[BlackElo "2146"]
[PlyCount "48"]
[EventDate "2006.07.08"]
[EventType "swiss"]
[EventRounds "9"]
[EventCountry "CAN"]

1. c4 e5 2. Nc3 Nc6 3. g3 g6 4. Bg2 Bg7 5. e3 d6 6. Nge2 f5 7. d4 Nf6 8. O-O
O-O 9. b3 e4 10. Nf4 Ne7 11. f3 g5 12. Nfe2 exf3 13. Bxf3 d5 14. Ba3 dxc4 15.
bxc4 Re8 16. Qd3 Ng6 17. Rad1 c6 18. e4 fxe4 19. Nxe4 Nxe4 20. Bxe4 Bg4 21. Bf3
Qd7 22. Kh1 Rad8 23. Ng1 Ne5 24. dxe5 Qxd3 0-1

[Event "Quebec op"]
[Site "Montreal CAN"]
[Date "2006.07.10"]
[Round "4"]
[White "Cloutier, Mathieu"]
[Black "Hajiyev, Elshad"]
[Result "0-1"]
[WhiteElo "2059"]
[BlackElo "2007"]
[PlyCount "60"]
[EventDate "2006.07.08"]
[EventType "swiss"]
[EventRounds "9"]
[EventCountry "CAN"]

1. e4 c5 2. Nf3 Nc6 3. d4 cxd4 4. Nxd4 Nf6 5. Nc3 e5 6. Ndb5 d6 7. Bg5 a6 8.
Na3 Be6 9. Nc4 Rc8 10. Bxf6 gxf6 11. Ne3 Bh6 12. Ng4 Bg7 13. Nd5 Qa5+ 14. c3
Bxd5 15. exd5 Ne7 16. Ne3 f5 17. g3 f4 18. Nc4 Qc5 19. Qg4 O-O 20. gxf4 exf4
21. Rg1 Ng6 22. O-O-O b5 23. h4 bxc4 24. h5 Qxf2 25. hxg6 hxg6 26. Be2 Rb8 27.
Qf3 Qb6 28. Kd2 Qxb2+ 29. Ke1 Rfe8 30. Kf1 Re3 0-1

[Event "Quebec op"]
[Site "Montreal CAN"]
[Date "2006.07.10"]
[Round "4"]
[White "Dimev, Kiril"]
[Black "Dupuis, Stephane"]
[Result "0-1"]
[WhiteElo "2014"]
[BlackElo "2163"]
[PlyCount "118"]
[EventDate "2006.07.08"]
[EventType "swiss"]
[EventRounds "9"]
[EventCountry "CAN"]

1. d4 d6 2. e4 Nf6 3. Nc3 g6 4. Be3 c6 5. Qd2 b5 6. Bd3 Nbd7 7. Nf3 Bb7 8. h3
Bg7 9. Bh6 Bxh6 10. Qxh6 b4 11. Ne2 Qa5 12. O-O c5 13. Ng3 cxd4 14. Nxd4 Qb6
15. Nb3 Rg8 16. Qd2 h5 17. Rfe1 a5 18. Qe3 Qxe3 19. Rxe3 h4 20. Nf1 e6 21. Nfd2
a4 22. Nd4 Ke7 23. Nc4 Rgc8 24. e5 dxe5 25. Nxe5 Nd5 26. Nxg6+ fxg6 27. Rxe6+
Kf8 28. Rxg6 Nf4 29. Ne6+ Nxe6 30. Rxe6 Nc5 31. Rb6 Nxd3 32. cxd3 Rc7 33. Rxb4
Rg7 34. Rg4 Rxg4 35. hxg4 Rc8 36. b4 a3 37. b5 Rc2 38. b6 Kf7 39. Rb1 Rxa2 40.
Rc1 Kf6 41. Rc7 Bd5 42. Rc5 Rb2 43. Rxd5 a2 44. Ra5 Rb1+ 45. Kh2 a1=Q 46. Rxa1
Rxa1 47. f4 Rb1 48. g3 hxg3+ 49. Kxg3 Rxb6 50. Kf3 Rb4 51. Ke3 Ke6 52. Kf3 Ra4
53. Ke3 Kd5 54. Kf3 Rb4 55. Ke3 Rd4 56. g5 Ra4 57. g6 Ke6 58. d4 Ra1 59. d5+
Kxd5 0-1

[Event "Quebec op"]
[Site "Montreal CAN"]
[Date "2006.07.10"]
[Round "4"]
[White "Fareh, Youness"]
[Black "Malette, Martin"]
[Result "1-0"]
[WhiteElo "2200"]
[BlackElo "2004"]
[PlyCount "73"]
[EventDate "2006.07.08"]
[EventType "swiss"]
[EventRounds "9"]
[EventCountry "CAN"]

1. Nf3 Nf6 2. c4 d5 3. g3 g6 4. Bg2 Bg7 5. O-O O-O 6. Qb3 Nc6 7. cxd5 Qxd5 8.
Qxd5 Nxd5 9. Nc3 Ndb4 10. a3 Nc2 11. Rb1 Bf5 12. Nh4 Be6 13. b4 Rab8 14. e3 g5
15. Nf3 h6 16. d4 Bc4 17. Rd1 g4 18. Nd2 Bd3 19. Nde4 N2xb4 20. Rxb4 Nxb4 21.
axb4 Bxe4 22. Nxe4 Rfd8 23. Nc5 c6 24. f4 gxf3 25. Bxf3 e5 26. d5 b6 27. Na6
Rbc8 28. Bg4 cxd5 29. Bxc8 Rxc8 30. Bd2 Rc2 31. Be1 d4 32. exd4 exd4 33. Bf2
Ra2 34. Nb8 a5 35. bxa5 Rxa5 36. Nc6 Rc5 37. Nxd4 1-0

[Event "Quebec op"]
[Site "Montreal CAN"]
[Date "2006.07.10"]
[Round "4"]
[White "Fillion, Steve"]
[Black "Rozybakiyev, Rasul"]
[Result "1-0"]
[WhiteElo "2092"]
[BlackElo "2039"]
[PlyCount "81"]
[EventDate "2006.07.08"]
[EventType "swiss"]
[EventRounds "9"]
[EventCountry "CAN"]

1. d4 d5 2. Nf3 Nf6 3. c4 e6 4. Nc3 b6 5. Bg5 Be7 6. e3 O-O 7. Qc2 Bb7 8. O-O-O
Nc6 9. a3 Na5 10. Bxf6 Bxf6 11. cxd5 exd5 12. Bd3 h6 13. Qe2 c5 14. Bc2 c4 15.
h4 b5 16. g4 Re8 17. g5 hxg5 18. hxg5 Bxg5 19. Nxg5 Qxg5 20. Rdg1 Qf6 21. Qh5
Kf8 22. Nxd5 Bxd5 23. Qxd5 g6 24. f4 Nc6 25. f5 Ne7 26. Qxb5 Rab8 27. Qc5 Rec8
28. Qxa7 Nxf5 29. Bxf5 Qxf5 30. Rf1 Qe6 31. Rh8+ Kg7 32. Rxf7+ Qxf7 33. Rh7+
Kxh7 34. Qxf7+ Kh6 35. d5 Rf8 36. Qe7 g5 37. e4 Kh5 38. Qh7+ Kg4 39. e5 Rf2 40.
Qe4+ Kh5 41. e6 1-0

[Event "Quebec op"]
[Site "Montreal CAN"]
[Date "2006.07.10"]
[Round "4"]
[White "Forget, Luc"]
[Black "Arsenault, Nicolas"]
[Result "0-1"]
[WhiteElo "1977"]
[BlackElo "2110"]
[PlyCount "126"]
[EventDate "2006.07.08"]
[EventType "swiss"]
[EventRounds "9"]
[EventCountry "CAN"]

1. d4 Nf6 2. Nf3 e6 3. g3 b5 4. Bg2 Bb7 5. O-O c5 6. c4 bxc4 7. Qa4 cxd4 8.
Qxc4 Be7 9. Qxd4 O-O 10. Nc3 Nc6 11. Qa4 d5 12. Rd1 Qb8 13. a3 Rd8 14. Bg5 h6
15. Bxf6 Bxf6 16. Rac1 Rc8 17. e3 a6 18. Rd3 Qa7 19. b4 Ne7 20. Nd4 e5 21. Nde2
Rd8 22. Qb3 e4 23. Rdd1 g5 24. Na4 Bc6 25. Nd4 Bb5 26. Nc5 Rab8 27. Bh3 a5 28.
Qc2 Be8 29. Rb1 axb4 30. axb4 Bg7 31. Ra1 Qb6 32. Bf1 Ng6 33. Rab1 Ne5 34. Na6
Rbc8 35. Nc5 Bf8 36. Qb2 Bg7 37. Rdc1 Nf3+ 38. Kh1 h5 39. Ra1 Ra8 40. Be2 g4
41. h4 Nxd4 42. exd4 Qf6 43. Rxa8 Rxa8 44. Kg2 Qxd4 45. Qxd4 Bxd4 46. b5 Ra2
47. Kf1 Rb2 48. Nb7 Bxb5 49. Bxb5 Rxb5 50. Rc8+ Kg7 51. Nd6 Rb1+ 52. Kg2 Be5
53. Rc6 Bxd6 54. Rxd6 Rd1 55. Rd7 d4 56. Re7 Re1 57. Rd7 d3 58. Rd4 Kf6 59.
Rd6+ Ke7 60. Rd5 Ke6 61. Rd8 f5 62. Rd4 Rc1 63. Rd8 Rc5 0-1

[Event "Quebec op"]
[Site "Montreal CAN"]
[Date "2006.07.10"]
[Round "4"]
[White "Morin, Louis"]
[Black "Saint Amand, Paul"]
[Result "0-1"]
[WhiteElo "1888"]
[BlackElo "2040"]
[PlyCount "120"]
[EventDate "2006.07.08"]
[EventType "swiss"]
[EventRounds "9"]
[EventCountry "CAN"]

1. e4 c5 2. d4 cxd4 3. c3 dxc3 4. Nxc3 Nc6 5. Nf3 e6 6. Bc4 Qc7 7. Qe2 Nf6 8.
O-O Ng4 9. Nb5 Qb8 10. h3 h5 11. hxg4 hxg4 12. g3 gxf3 13. Qxf3 a6 14. Bf4 d6
15. Nc3 Ne5 16. Bxe5 dxe5 17. Kg2 Bd7 18. Rh1 Rxh1 19. Rxh1 Qc7 20. Bb3 Bc6 21.
Rh8 Qe7 22. Qh5 O-O-O 23. Qxe5 Qb4 24. Kg1 Qc5 25. Qxc5 Bxc5 26. Rxd8+ Kxd8 27.
Kg2 Bd4 28. f3 Ke7 29. Kh3 g5 30. Kg4 f6 31. f4 gxf4 32. Ne2 Bxb2 33. Nxf4 Bd7
34. Kf3 Be5 35. Nd3 Bd6 36. g4 Ba3 37. Ke3 Kd6 38. Kf3 Bc5 39. Ke2 Bb5 40. Kd2
Bd4 41. Ke2 a5 42. a4 Ba6 43. Kd2 Be5 44. Ke3 b5 45. Kd2 bxa4 46. Bxa4 Bd4 47.
Bb3 Bb5 48. Nf4 Bd7 49. Ng6 a4 50. Bd1 Be8 51. Nh4 Ke5 52. g5 fxg5 53. Nf3+
Kxe4 54. Nxg5+ Kd5 55. Nxe6 Kxe6 56. Kc1 Kd5 57. Kb1 Kc4 58. Ka2 Kb4 59. Bc2
Bf7+ 60. Kb1 a3 0-1

[Event "Quebec op"]
[Site "Montreal CAN"]
[Date "2006.07.10"]
[Round "4"]
[White "Nicula, Marius"]
[Black "Jiang, Louie"]
[Result "1-0"]
[WhiteElo "2131"]
[BlackElo "1997"]
[PlyCount "121"]
[EventDate "2006.07.08"]
[EventType "swiss"]
[EventRounds "9"]
[EventCountry "CAN"]

1. Nf3 Nf6 2. g3 d5 3. Bg2 e6 4. c4 Nbd7 5. O-O c6 6. b3 Bd6 7. Bb2 O-O 8. d4
b6 9. Nbd2 Bb7 10. Ne5 Qe7 11. e4 dxe4 12. Nxe4 Nxe4 13. Bxe4 Bxe5 14. dxe5
Rfd8 15. Qf3 Rac8 16. Rad1 f5 17. exf6 Nxf6 18. Rxd8+ Qxd8 19. Rd1 Qe7 20. Bxf6
gxf6 21. Qd3 f5 22. Bf3 Kf8 23. Qc3 Kg8 24. Qe5 Re8 25. Rd6 Qc7 26. b4 c5 27.
Bxb7 Qxb7 28. Rxe6 Rd8 29. Re8+ Rxe8 30. Qxe8+ Kg7 31. Qe5+ Kg6 32. bxc5 bxc5
33. Qe6+ Kg5 34. Qe3+ Kg6 35. Qe6+ Kg5 36. Qe3+ Kg6 37. Qxc5 Qb1+ 38. Kg2 Qxa2
39. Qd6+ Kg7 40. Qe5+ Kg6 41. Qe6+ Kg7 42. Qxf5 Qxc4 43. Qd7+ Kg8 44. Qxa7 Qe4+
45. f3 Qe2+ 46. Qf2 Qd3 47. g4 Qd5 48. Qe3 Qa2+ 49. Kg3 Qd5 50. h4 Qd6+ 51. Qf4
Qb6 52. Qg5+ Kf8 53. Qf5+ Kg8 54. g5 Qg1+ 55. Kf4 Qh2+ 56. Kg4 Qg2+ 57. Kh5 Qh2
58. f4 Kg7 59. Qf6+ Kg8 60. g6 hxg6+ 61. Kh6 1-0

[Event "Quebec op"]
[Site "Montreal CAN"]
[Date "2006.07.10"]
[Round "4"]
[White "Picard, Jean"]
[Black "Laframboise, Marc-Andre"]
[Result "1-0"]
[WhiteElo "2088"]
[BlackElo "2304"]
[PlyCount "51"]
[EventDate "2006.07.08"]
[EventType "swiss"]
[EventRounds "9"]
[EventCountry "CAN"]

1. e4 c5 2. d4 cxd4 3. c3 dxc3 4. Nxc3 e6 5. Bc4 Nc6 6. Nf3 a6 7. O-O Nge7 8.
Bg5 f6 9. Bf4 Ng6 10. Bg3 b5 11. Bb3 Be7 12. Nd5 exd5 13. exd5 Na5 14. d6 Nxb3
15. Qxb3 Nf8 16. Nd4 g6 17. Qd5 Ra7 18. Qc5 Qc7 19. Qxc7 Rxc7 20. dxc7 Ne6 21.
Rad1 Kf7 22. Nxe6 dxe6 23. Bd6 Bb7 24. Rd2 Rc8 25. Re1 h5 26. h4 1-0